De la vocación de nuestro siglo para la legislación y la ciencia del derecho

Zapisane w:
Opis bibliograficzny
1. autor: Savigny, Friedrich Karl von (Autor)
Format: Książka
Język:hiszpański
Wydane: Valparaíso Edeval 1978
Seria:Juristas Perennes, 1
Hasła przedmiotowe:
Etykiety: Dodaj etykietę
Nie ma etykietki, Dołącz pierwszą etykiete!

MARC

LEADER 00000nam a2200000 a 4500
001 UCT9230
003 CL-VaPUC
008 970404e19780000CL |||||||||||||||||spa|d
082 0 4 |a 340.1  |b SAV  |2 21 
100 0 |a Savigny, Friedrich Karl von  |e author  |9 381764 
245 1 0 |a De la vocación de nuestro siglo para la legislación y la ciencia del derecho 
300 |a 149 p 
942 |c BK 
945 |d 19970404 00:00:00  |a paguirre 
260 |a Valparaíso  |b Edeval  |c 1978 
650 7 |a DERECHO  |2 CL-VaPUC  |9 381765 
650 0 |a Teoría del derecho  |9 255982 
650 0 |a Filosofía del derecho   |9 255050 
650 0 |a Derecho positivo  |9 255911 
650 7 |a LEY  |2 CL-VaPUC  |9 381766 
650 0 |a Códigos  |9 352314 
651 0 |a Alemania  |9 255688 
583 |a last modification  |c 19970404 00:00:00  |k Rodrigo Vera 
490 0 |a Juristas Perennes, 1 
999 |c 257648  |d 257646 
952 |0 0  |1 0  |4 0  |6 340_100000000000000_SAV_1978  |7 0  |8 A  |9 281223  |a BIBDER  |b BIBDER  |d 2019-11-19  |i 1819135  |o 340.1 SAV 1978  |p 1819135  |r 2023-01-25  |w 2019-11-19  |y BK  |k DER 
952 |0 0  |1 0  |4 0  |6 340_100000000000000_SAV_1978  |7 0  |8 DER_TF  |9 281224  |a BIBDER  |b BIBDER  |d 2019-11-19  |i 1880659  |o 340.1 SAV 1978  |p 1880659  |r 2023-01-25  |w 2019-11-19  |x Ubicación 4to Piso  |y BK  |z Estos recursos deben solicitarse con anticipación  |k DER